000 00666nmc a2200265 a 4500
003 AR-BaBNM
005 20251128211414.0
008 124020s1997 ||||||||||||||000 | spa||
020 _a84-348-5327-2
040 _cAR-BaBNM
100 1 _aOrlev, Uri
245 1 0 _aEl monstruo de la oscuridad
250 _a5ª ed.
260 _aMadrid
_bEdiciones S.M.
_c1997
300 _a89 p.
_bil.
490 0 _aEl barco de vapor
_vv. 104
500 _aRecomendado a partir de 9 años
650 4 _aLITERATURA INFANTIL
650 4 _aLIBROS PARA NINOS
650 4 _aMAGIA
653 _aCUENTO MARAVILLOSO
655 _aLITERATURA
942 _cBK
998 _cmartin
999 _c19545
_d19545